Расчет оборудования блока разделения продуктов переработки прямогонной дизельной фракции на цеолитном катализаторе; Химия и химическая технология в XXI веке; Т. 2

Библиографические подробности
Источник:Химия и химическая технология в XXI веке: материалы XXIII Международной научно-практической конференции студентов и молодых ученых имени выдающихся химиков Л. П. Кулёва и Н. М. Кижнера, Томск, 16-19 мая 2022 г./ Национальный исследовательский Томский политехнический университет (ТПУ); Инженерная школа природных ресурсов; Инженерная школа новых производственных технологий; Исследовательская школа химических и биомедицинских технологий..— , 2022
Т. 2.— 2022.— [С. 114-115]
Главный автор: Багдасарян Н. С.
Автор-организация: Национальный исследовательский Томский политехнический университет Инженерная школа природных ресурсов Отделение химической инженерии
Другие авторы: Алтынов А. А. Андрей Андреевич (научный руководитель), Богданов И. А. Илья Александрович
Примечания:Заглавие с титульного экрана
Язык:русский
Опубликовано: 2022
Серии:Процессы и аппараты химической технологии
Предметы:
Online-ссылка:http://earchive.tpu.ru/handle/11683/72626
Формат: Электронный ресурс Статья
Запись в KOHA:https://koha.lib.tpu.ru/cgi-bin/koha/opac-detail.pl?biblionumber=634515

MARC

LEADER 00000naa2a2200000 4500
001 634515
005 20250911110913.0
035 |a (RuTPU)RU\TPU\conf\36333 
035 |a RU\TPU\conf\36332 
090 |a 634515 
100 |a 20220624d2022 k y0rusy50 ca 
101 0 |a rus 
102 |a RU 
105 |a y z 101zy 
135 |a drgn ---uucaa 
181 0 |a i  
182 0 |a b 
200 1 |a Расчет оборудования блока разделения продуктов переработки прямогонной дизельной фракции на цеолитном катализаторе  |f Н. С. Багдасарян, А. А. Алтынов, И. А. Богданов  |g науч. рук. А. А. Алтынов 
203 |a Текст  |c электронный 
225 1 |a Процессы и аппараты химической технологии 
300 |a Заглавие с титульного экрана 
320 |a [Библиогр.: с. 115 (1 назв.)] 
338 |b Российский фонд фундаментальных исследований  |d 21-53-10004 
461 1 |0 (RuTPU)RU\TPU\conf\36040  |t Химия и химическая технология в XXI веке  |o материалы XXIII Международной научно-практической конференции студентов и молодых ученых имени выдающихся химиков Л. П. Кулёва и Н. М. Кижнера, Томск, 16-19 мая 2022 г.  |o в 2 т.  |f Национальный исследовательский Томский политехнический университет (ТПУ); Инженерная школа природных ресурсов; Инженерная школа новых производственных технологий; Исследовательская школа химических и биомедицинских технологий.  |d 2022 
463 1 |0 (RuTPU)RU\TPU\conf\36042  |t Т. 2  |v [С. 114-115]  |d 2022 
610 1 |a труды учёных ТПУ 
610 1 |a электронный ресурс 
610 1 |a расчеты 
610 1 |a оборудование 
610 1 |a блоки разделения 
610 1 |a продукты переработки 
610 1 |a прямогонные фракции 
610 1 |a дизельные фракции 
610 1 |a цеолитные катализаторы 
610 1 |a программное обеспечение 
610 1 |a ректификационные колонны 
700 1 |a Багдасарян  |b Н. С. 
701 1 |a Алтынов  |b А. А.  |c химик  |c инженер-исследователь Томского политехнического университета  |f 1994-  |g Андрей Андреевич  |3 (RuTPU)RU\TPU\pers\46561 
701 1 |a Богданов  |b И. А.  |c химик  |c инженер-исследователь Томского политехнического университета  |f 1994-  |g Илья Александрович  |3 (RuTPU)RU\TPU\pers\46559  |9 22217 
702 1 |a Алтынов  |b А. А.  |c химик  |c инженер-исследователь Томского политехнического университета  |f 1994-  |g Андрей Андреевич  |4 727 
712 0 2 |a Национальный исследовательский Томский политехнический университет  |b Инженерная школа природных ресурсов  |b Отделение химической инженерии  |3 (RuTPU)RU\TPU\col\23513 
801 2 |a RU  |b 63413507  |c 20220704  |g RCR 
856 4 |u http://earchive.tpu.ru/handle/11683/72626 
942 |c BK